Normal view MARC view
  • Sanz Romo, Marcelo

Entry Nombre Personal

Number of records used in: 1

001 - NUMERO DE CONTROL

  • campo de control: 52582

003 - IDENTIFICADOR DE NUMERO DE CONTROL

  • campo de control: MX-MxUPN

005 - FECHA Y HORA DE LA ÜLTIMA TRANSACCIÓN

  • campo de control: 20240628131744.0

008 - DATOS DE LONGITUD FIJA

  • campo de control de longitud fija: 240628|| aca||aabn | aaa d

040 ## - FUENTE DE CATALOGACIÓN

  • Agencia original de catalogación: MX-MxUPN
  • Lenguaje de catalogación: spa
  • Agencia de transcripción: MX-MxUPN

100 1# - ENCABEZAMIENTO - NOMBRE PERSONAL

  • Nombre personal: Sanz Romo, Marcelo

670 ## - FUENTE EN LA QUE SE LOCALIZARON DATOS

  • Cita de la fuente: La educación física : metodología de la gimnasia escolar ; doctrina, finalidad, medios, 1934:
  • Información localizada: portada (Marcelo Sanz Romo)

902 ## - CATALOGADOR

  • Catalogador: Víctor Ruiz/280624